| 000 | 01464nam a22003617a 4500 | ||
|---|---|---|---|
| 003 | OSt | ||
| 005 | 20220530041456.0 | ||
| 008 | 170327b xxu||||| |||| 00| 0 eng d | ||
| 010 | _a 2010935967 | ||
| 020 | _a9780538748964 | ||
| 040 |
_aMMU _beng. _cMMU _dMMU |
||
| 042 | _apcc | ||
| 050 | 0 | 0 |
_aZ52.5.M52 _bZ56 2011 |
| 100 | 1 |
_aZimmerman, S. Scott, _d1945- |
|
| 245 | 1 | 0 |
_aNew perspectives on Microsoft Word 2010 : _bcomprehensive / _cS. Scott Zimmerman, Brigham Young University ; Beverly B. Zimmerman, Brigham Young University ; Ann Shaffer, Katherine T. Pinard. |
| 246 | 3 | 0 | _aMicrosoft Word 2010 |
| 246 | 3 | 0 | _aWord 2010 |
| 264 | 1 |
_aBoston, MA, USA : _bCourse Technology, Cengage Learning, _c[2011] |
|
| 300 |
_a1 volume (various pagings) : _bcolor illustrations ; _c28 cm. |
||
| 336 |
_atext _2rdacontent |
||
| 337 |
_aunmediated _2rdamedia |
||
| 338 |
_avolume _2rdacarrier |
||
| 490 | 0 | _aNew perspectives series | |
| 500 | _aIncludes index. | ||
| 500 | _a"Microsoft Office Specialist approved courseware"--Cover. | ||
| 505 | 0 | _aFile management. Managing your files -- Office. Getting started with Microsoft Office 2010 -- Word. Level I tutorials ; Level II tutorials ; Level III tutorials. | |
| 630 | 0 | 0 |
_aMicrosoft Word _xExaminations _vStudy guides. |
| 650 | 0 |
_aWord processing _xExaminations _vStudy guides. |
|
| 700 | 1 |
_aZimmerman, Beverly B., _d1945- |
|
| 700 | 1 | _aShaffer, Ann. | |
| 700 | 1 | _aPinard, Katherine. | |
| 942 |
_2lcc _cLOAN LOAN |
||
| 999 |
_c26059 _d26059 |
||